Orientaciones para el estudio y enseñanza de la doctrina social de la Iglesia en la formación de sacerdotes /

Guardado en:
书目详细资料
企业作者: Iglesia Católica. Congregación para la Educación Católica
格式: 图书
语言:西班牙语
主题:
标签: 添加标签
没有标签, 成为第一个标记此记录!

MARC

LEADER 00000nam^a2200000^a^4500
001 000261279
005 20250521000000.0
009 20260310110505.764
025 |a Donación Jesús Vergara Aceves, 1 ejemplar 
037 |a Acervo Xavier Clavigero 
041 |a ESP 
082 |a 262. 91  |b IGL CEC ORI 
110 |a Iglesia Católica.  |b Congregación para la Educación Católica 
245 1 0 |a Orientaciones para el estudio y enseñanza de la doctrina social de la Iglesia en la formación de sacerdotes /  |c Congregación para la Educación Católica. 
264 |a México :  |b Librería Parroquial de Clavería,  |c 1988 
336 |a texto  |b txt  |2 rdacontenido 
337 |a sin mediación  |b n  |2 rdamedio 
338 |a volumen  |b nc  |2 rdasoporte 
649 |a XX 
650 |a Teología Social -  |x Tema Principal 
650 |a Teología -  |x Estudio y Enseñanza 
650 |a Iglesia y Problemas Sociales 
650 |a Iglesia Católica -  |x Documentos Doctrinales 
650 |a Catolicismo 
650 |a Cristianismo 
650 |a Religión 
910 |a Fondo Jesús Vergara Aceves S.J. 
920 |a Impresos - Libros 
930 |a Fondos Especiales 
905 |a 119 
901 |a 0500135507  |b IT2  |c ESP  |i D  |u 20250521 
902 |a https://opac.biblio.iteso.mx/vufind/Record/000261279